[Event "III. Budapest Open"]
[Site "Budapest, Hungary"]
[Date "2013.08.24"]
[Round "8.23"]
[White "Breznyan, Dorina"]
[Black "Breznyan, Annamaria"]
[Result "1/2-1/2"]
[WhiteElo "1261"]
[BlackElo "1302"]
[PlyCount "65"]
[EventDate "2013.??.??"]

1. d4 d5 2. Nf3 Bf5 3. Bf4 e6 4. e3 c5 5. c3 Nf6 6. Bd3 Bxd3 7. Qxd3 c4 8. Qc2
Bd6 9. Bxd6 Qxd6 10. O-O O-O 11. Nbd2 Nc6 12. b3 b5 13. a4 a6 14. b4 Rfe8 15.
e4 dxe4 16. Nxe4 Nxe4 17. Qxe4 Qd5 18. Qxd5 exd5 19. a5 h6 20. Rfe1 Kf8 21. Kf1
Rxe1+ 22. Rxe1 Re8 23. Rxe8+ Kxe8 24. Ne5 Ne7 25. f4 f6 26. Nf3 Kf7 27. g4 g5
28. f5 Nc8 29. h4 Nd6 30. hxg5 hxg5 31. Nd2 Ke7 32. Kf2 Kf7 33. Kg3 1/2-1/2

[Event "III. Budapest Open"]
[Site "Budapest, Hungary"]
[Date "2013.08.25"]
[Round "9.1"]
[White "Meszaros, Andras"]
[Black "Zentai, Peter"]
[Result "1/2-1/2"]
[WhiteElo "2261"]
[BlackElo "2234"]
[PlyCount "82"]
[EventDate "2013.??.??"]

1. c4 Nf6 2. Nf3 c6 3. e3 d5 4. d4 e6 5. Nbd2 c5 6. a3 cxd4 7. exd4 dxc4 8.
Nxc4 Nc6 9. Be3 Be7 10. Bd3 O-O 11. O-O b6 12. Rc1 Bb7 13. Bb1 Qd5 14. Qe2 Rac8
15. b4 Rfd8 16. Rfd1 h6 17. h3 Bf8 18. Bf4 Ba6 19. Ba2 Be7 20. Be5 Qe4 21. Qd2
Nxe5 22. Ncxe5 Qa8 23. Qf4 Rxc1 24. Rxc1 Rc8 25. Re1 Rc2 26. Bb1 Rc3 27. d5
Qxd5 28. Be4 Qd6 29. Nd4 g5 30. Qd2 Nxe4 31. Rxe4 Qd5 32. Qxc3 Qxe4 33. Ng4 Kh7
34. Nf3 Qb1+ 35. Kh2 Qd3 36. Qxd3+ Bxd3 37. Nge5 Bd6 38. Kg1 Bxe5 39. Nxe5 Bg6
40. b5 Be4 41. Nxf7 Kg7 1/2-1/2

[Event "III. Budapest Open"]
[Site "Budapest, Hungary"]
[Date "2013.08.25"]
[Round "9.2"]
[White "Toth, Sarolta"]
[Black "Farago, Sandor"]
[Result "1-0"]
[WhiteElo "2138"]
[BlackElo "2270"]
[PlyCount "111"]
[EventDate "2013.??.??"]

1. Nf3 Nf6 2. c4 d6 3. g3 g6 4. Bg2 Bg7 5. Nc3 Nbd7 6. O-O e5 7. Rb1 a5 8. d3
O-O 9. a3 c6 10. b4 axb4 11. axb4 d5 12. cxd5 Nxd5 13. Ne4 Qe7 14. Qb3 b5 15.
Bd2 h6 16. Rfc1 Bb7 17. Nc3 N7b6 18. e4 Nxc3 19. Bxc3 Na4 20. Bd2 Rad8 21. Be3
Rfe8 22. Nd2 Qe6 23. Nc4 bxc4 24. dxc4 Ra8 25. Ra1 Ba6 26. Bf1 Bb5 27. Qc2 Rec8
28. cxb5 cxb5 29. Qd2 Rd8 30. Qa2 Qd7 31. Qb3 Qb7 32. Rd1 Rdc8 33. Rd5 Nc5 34.
Qb2 Rxa1 35. Qxa1 Nxe4 36. Rxb5 Qc6 37. Rb6 Qc2 38. Qa6 Rc3 39. Qa7 Bf8 40. Rb8
Kg7 41. Rb7 Nd6 42. Rd7 Qd1 43. Qa5 Qh5 44. b5 Rb3 45. b6 Rb1 46. Qa6 Nb5 47.
Rxf7+ Kg8 48. Qa2 Nc3 49. Rxf8+ Kxf8 50. Qxb1 Nxb1 51. b7 Qd1 52. b8=Q+ Kf7 53.
Qxe5 Qc2 54. Qd5+ Ke7 55. Bc4 Nc3 56. Qe6+ 1-0

[Event "III. Budapest Open"]
[Site "Budapest, Hungary"]
[Date "2013.08.25"]
[Round "9.3"]
[White "Juhasz, Bela"]
[Black "Mester, Attila"]
[Result "1/2-1/2"]
[WhiteElo "2194"]
[BlackElo "2073"]
[PlyCount "103"]
[EventDate "2013.??.??"]

1. Nf3 f5 2. d4 Nf6 3. g3 g6 4. Bg2 Bg7 5. O-O O-O 6. b3 d6 7. Bb2 Ne4 8. Nbd2
Nc6 9. e3 Nxd2 10. Qxd2 e5 11. c4 e4 12. Ne1 Qe7 13. b4 Re8 14. b5 Nd8 15. Rc1
c6 16. bxc6 bxc6 17. Qa5 Nf7 18. Rb1 Qb7 19. Nc2 Qa6 20. Qxa6 Bxa6 21. Na3 Rab8
22. Rfc1 Re7 23. Bf1 Reb7 24. Bc3 Rxb1 25. Rxb1 Rxb1 26. Nxb1 Bf6 27. Ba5 Bd8
28. Bb4 Kf8 29. Nd2 Ke8 30. Nb3 Kd7 31. Be2 h5 32. h3 Ng5 33. Kg2 Ne6 34. Bxd6
Bxc4 35. Bxc4 Kxd6 36. h4 Bb6 37. f3 exf3+ 38. Kxf3 Bd8 39. Nc1 g5 40. hxg5
Bxg5 41. Ne2 h4 42. gxh4 Bxh4 43. Bd3 Ng7 44. Nf4 Bg5 45. Ne2 Kd5 46. Ba6 Bh6
47. Nc3+ Kd6 48. Bc8 c5 49. d5 Ke5 50. Bb7 Ne8 51. Ke2 Nd6 52. Ba6 1/2-1/2

[Event "III. Budapest Open"]
[Site "Budapest, Hungary"]
[Date "2013.08.25"]
[Round "9.4"]
[White "Papagorasz, Takisz"]
[Black "Erdos, Boglarka"]
[Result "0-1"]
[WhiteElo "2163"]
[BlackElo "2189"]
[PlyCount "62"]
[EventDate "2013.??.??"]

1. d4 d5 2. c4 dxc4 3. g3 Nf6 4. Bg2 c6 5. Nc3 e6 6. a4 Bb4 7. Nf3 Qa5 8. O-O
Nbd7 9. Na2 Bd6 10. Bd2 Qc7 11. Rc1 b5 12. Qc2 Bb7 13. e4 e5 14. axb5 cxb5 15.
Nc3 a6 16. dxe5 Nxe5 17. Nxe5 Bxe5 18. Nd5 Nxd5 19. exd5 O-O 20. b3 Rac8 21.
bxc4 bxc4 22. Qa4 Rfd8 23. Bh3 Rxd5 24. Bxc8 Qxc8 25. Rxc4 Qe6 26. Be3 Rd8 27.
Rd1 Rf8 28. f4 Bd6 29. Ba7 Qe2 30. Qc2 Qf3 31. Qd3 Qg2# 0-1

[Event "III. Budapest Open"]
[Site "Budapest, Hungary"]
[Date "2013.08.25"]
[Round "9.5"]
[White "Palla, Akos Botond"]
[Black "Juhasz, Mark"]
[Result "0-1"]
[WhiteElo "2054"]
[BlackElo "2154"]
[PlyCount "150"]
[EventDate "2013.??.??"]

1. e4 d6 2. d4 Nf6 3. Nc3 g6 4. f4 Bg7 5. Bd3 O-O 6. Nf3 Na6 7. O-O c5 8. d5
Bg4 9. h3 Bxf3 10. Qxf3 Nb4 11. Kh1 c4 12. Bxc4 Nxc2 13. Rb1 Rc8 14. b3 Qa5 15.
a4 Nd7 16. Na2 Nc5 17. Qd1 Nxe4 18. Qxc2 Ng3+ 19. Kg1 Nxf1 20. Kxf1 Qxd5 21.
Bxd5 Rxc2 22. Nb4 Rc7 23. Bc4 e6 24. Bd2 d5 25. Bd3 Bc3 26. Ke2 Rfc8 27. Nc2
Bxd2 28. Kxd2 Kf8 29. Nd4 a6 30. b4 Ra8 31. b5 axb5 32. Bxb5 Ke7 33. Ra1 Kf6
34. g4 g5 35. f5 e5 36. Nc2 e4 37. Nb4 Ke5 38. Re1 Rac8 39. Re3 Rh8 40. Be2 Rd8
41. Bd1 Rc4 42. Nd3+ Kd4 43. Ne1 Rd7 44. Bb3 Rc8 45. Nc2+ Ke5 46. Nb4 Rcd8 47.
Rc3 Kf4 48. Rc5 Kf3 49. Bxd5 Kf2 50. Kc3 e3 51. Kd4 e2 52. Nd3+ Kg3 53. f6 Kxh3
54. Ne1 Kxg4 55. Ke4 Re8+ 56. Kd4 Kf5 57. Rb5 Re4+ 58. Kc3 Re5 59. Bc4 Rxb5 60.
axb5 Kxf6 61. Bxe2 Re7 62. Kd2 Ke5 63. Nd3+ Kd4 64. Nf2 f5 65. Bf3 b6 66. Bc6
g4 67. Nd3 h5 68. Nf4 h4 69. Nd5 Re4 70. Nxb6 h3 71. Bxe4 fxe4 72. Nd7 h2 73.
b6 h1=Q 74. b7 e3+ 75. Kc2 Qxb7 0-1

[Event "III. Budapest Open"]
[Site "Budapest, Hungary"]
[Date "2013.08.25"]
[Round "9.6"]
[White "Kormos, Adam"]
[Black "Adrien, Vincent"]
[Result "1-0"]
[WhiteElo "2198"]
[BlackElo "1994"]
[PlyCount "51"]
[EventDate "2013.??.??"]

1. e4 c5 2. Nf3 e6 3. d4 cxd4 4. Nxd4 Nc6 5. Nb5 d6 6. Bf4 e5 7. Bg5 Nf6 8.
N1c3 a6 9. Na3 b5 10. Bxf6 gxf6 11. Nd5 f5 12. g3 Be6 13. c3 Rg8 14. exf5 Bxf5
15. Qf3 Rg5 16. Nf6+ Ke7 17. h4 Rg6 18. Nd5+ Ke6 19. Ne3 Ne7 20. Nxf5 Nxf5 21.
Bh3 Rf6 22. Nc2 Bh6 23. g4 Nxh4 24. g5+ Rf5 25. Bxf5+ Nxf5 26. gxh6 1-0

[Event "III. Budapest Open"]
[Site "Budapest, Hungary"]
[Date "2013.08.25"]
[Round "9.7"]
[White "Bodrogi, Laszlo"]
[Black "Szepes, Tamas"]
[Result "0-1"]
[WhiteElo "2015"]
[BlackElo "2248"]
[PlyCount "80"]
[EventDate "2013.??.??"]

1. d4 d5 2. c4 e6 3. Nc3 Nf6 4. Bg5 Be7 5. e3 O-O 6. Nf3 h6 7. Bh4 b6 8. Qb3
dxc4 9. Bxc4 Bb7 10. Rd1 Nbd7 11. O-O Ne4 12. Bxe7 Qxe7 13. Nxe4 Bxe4 14. Bd3
Bb7 15. Bb1 Rfd8 16. e4 c5 17. Qe3 Rac8 18. Qa3 a5 19. Rfe1 Qf8 20. Qb3 c4 21.
Qc2 b5 22. e5 g6 23. Nh4 Nb6 24. Re3 Rd7 25. Rg3 Bd5 26. Qd2 b4 27. Nxg6 fxg6
28. Rxg6+ Rg7 29. Qxh6 Rxg6 30. Qxg6+ Qg7 31. f3 Qxg6 32. Bxg6 a4 33. a3 c3 34.
bxc3 bxa3 35. Kf2 Rxc3 36. Ke2 a2 37. Kd2 Rb3 38. Bd3 Nc4+ 39. Bxc4 Bxc4 40.
Kc2 Rb1 0-1

[Event "III. Budapest Open"]
[Site "Budapest, Hungary"]
[Date "2013.08.25"]
[Round "9.9"]
[White "Heyl, Thomas"]
[Black "Koncz, Imre"]
[Result "1/2-1/2"]
[WhiteElo "1997"]
[BlackElo "2181"]
[PlyCount "21"]
[EventDate "2013.??.??"]

1. c4 c5 2. g3 g6 3. Bg2 Bg7 4. Nf3 Nc6 5. O-O d6 6. Nc3 Nf6 7. d4 cxd4 8. Nxd4
Bd7 9. e3 O-O 10. b3 Rb8 11. Bb2 1/2-1/2

[Event "III. Budapest Open"]
[Site "Budapest, Hungary"]
[Date "2013.08.25"]
[Round "9.10"]
[White "Rajcsanyi, Peter"]
[Black "Zoldy, Robert"]
[Result "1-0"]
[WhiteElo "1850"]
[BlackElo "1962"]
[PlyCount "156"]
[EventDate "2013.??.??"]

1. e4 e5 2. Nf3 Nc6 3. Bb5 a6 4. Ba4 Nf6 5. O-O Be7 6. Qe2 d6 7. c3 O-O 8. Rd1
Bd7 9. Bb3 Na5 10. Bc2 c5 11. d3 b5 12. Nbd2 Qc7 13. Nf1 Nc6 14. h3 a5 15. Ng3
g6 16. Bh6 Rfe8 17. Qe3 Kh8 18. Ng5 Nd8 19. Bb3 c4 20. Bc2 Ng8 21. Nf3 Nxh6 22.
Qxh6 Bf8 23. Qe3 Ne6 24. Ne2 Bc6 25. dxc4 bxc4 26. b3 Bb5 27. b4 h5 28. a3 Kh7
29. Ng5+ Nxg5 30. Qxg5 Bh6 31. Qf6 Re6 32. Qf3 Bc6 33. Ng3 Bf4 34. Nf1 Rd8 35.
Qe2 Bb7 36. a4 Kg7 37. b5 Qc5 38. Nd2 d5 39. exd5 Rxd5 40. Ne4 Rxd1+ 41. Rxd1
Qc7 42. h4 Bxe4 43. Bxe4 Qc5 44. Rd5 Qb6 45. Qxc4 Bg3 46. Qc5 Qxc5 47. Rxc5
Bxh4 48. c4 f5 49. Bd5 Rd6 50. Rc7+ Kh6 51. Rc6 Rxc6 52. Bxc6 Bd8 53. Bd7 Bb6
54. g3 Kg7 55. Be8 Kh6 56. Kg2 g5 57. f3 h4 58. Bd7 Kg6 59. Be8+ Kf6 60. Bd7 e4
61. fxe4 fxe4 62. gxh4 gxh4 63. Kh3 Ke5 64. Kxh4 Kd4 65. Bf5 e3 66. Bg4 Kd3 67.
Kg5 e2 68. Bxe2+ Kxe2 69. Kf5 Kd3 70. Ke5 Kxc4 71. Kd6 Kb4 72. Kd5 Kxa4 73. Kc4
Bf2 74. Kc3 Kxb5 75. Kb3 a4+ 76. Ka3 Ka5 77. Kb2 Kb4 78. Ka2 a3 1-0

[Event "III. Budapest Open"]
[Site "Budapest, Hungary"]
[Date "2013.08.25"]
[Round "9.12"]
[White "Bartuszek, Andras"]
[Black "Alvin, Leo"]
[Result "1/2-1/2"]
[WhiteElo "1844"]
[BlackElo "2005"]
[PlyCount "131"]
[EventDate "2013.??.??"]

1. e4 c5 2. Nf3 g6 3. d4 cxd4 4. Nxd4 Bg7 5. Nc3 Nc6 6. Be3 Nf6 7. Be2 O-O 8.
Nxc6 bxc6 9. Bf3 Ba6 10. Ne2 d5 11. exd5 cxd5 12. O-O e5 13. g3 h6 14. Re1 Rb8
15. Bc5 Re8 16. Rb1 Qc7 17. b4 d4 18. Nc1 Nd7 19. Nb3 Bc4 20. Qc1 f5 21. Nd2
Bf7 22. Nb3 e4 23. Bg2 Nxc5 24. bxc5 Rbc8 25. Bf1 Bxb3 26. axb3 Qxc5 27. Bc4+
Kh7 28. Re2 a5 29. h4 h5 30. Qg5 Rc7 31. Kh2 Qb6 32. Qc1 Rb8 33. Ra1 d3 34.
cxd3 exd3 35. Rea2 Bh6 36. Qf1 d2 37. Rxa5 d1=Q 38. Qxd1 Qxf2+ 39. Kh3 f4 40.
Qd3 fxg3 41. Qxg3 Qxg3+ 42. Kxg3 Be3 43. Ra8 Rbb7 44. Re8 Bd4 45. Ra6 Re7 46.
Rxe7+ Rxe7 47. Re6 Rd7 48. Re4 Bf6 49. Be6 Rd3+ 50. Kg2 Rd2+ 51. Kg3 Rb2 52.
Bc4 Kg7 53. Re2 Rb1 54. Bd5 Rg1+ 55. Rg2 Be5+ 56. Kf2 Bd4+ 57. Ke2 Rxg2+ 58.
Bxg2 Bf6 59. Be4 Bxh4 60. Bxg6 Kxg6 61. Kf1 Kf5 62. Kg2 Kg4 63. Kh1 Bd8 64. b4
h4 65. b5 Bb6 66. Kh2 1/2-1/2

[Event "III. Budapest Open"]
[Site "Budapest, Hungary"]
[Date "2013.08.25"]
[Round "9.13"]
[White "Peczeli, Zoltan"]
[Black "Csabai, Viktor"]
[Result "0-1"]
[WhiteElo "2036"]
[BlackElo "2034"]
[PlyCount "46"]
[EventDate "2013.??.??"]

1. d4 d5 2. c4 c6 3. e3 Nf6 4. Nc3 Bf5 5. Nf3 e6 6. Nh4 Bg6 7. Nxg6 hxg6 8. Bd3
Bd6 9. h3 Nbd7 10. Bd2 Qe7 11. Qb3 Rb8 12. O-O g5 13. f3 g4 14. fxg4 Nxg4 15.
Rf3 Nh2 16. Rf2 Bg3 17. Re2 Qh4 18. cxd5 Ng4 19. Be1 Bxe1 20. Raxe1 Qg3 21.
hxg4 Nf6 22. dxe6 Nxg4 23. exf7+ Kd8 0-1

[Event "III. Budapest Open"]
[Site "Budapest, Hungary"]
[Date "2013.08.25"]
[Round "9.14"]
[White "Kancz, Csaba"]
[Black "Mihok, Laszlo"]
[Result "0-1"]
[WhiteElo "1648"]
[BlackElo "2102"]
[PlyCount "70"]
[EventDate "2013.??.??"]

1. d4 d5 2. Nf3 Nf6 3. g3 Bf5 4. a3 e6 5. Bg2 h6 6. b3 Nbd7 7. Bb2 Ne4 8. Nbd2
Be7 9. O-O O-O 10. c4 c6 11. Rc1 a5 12. e3 g5 13. cxd5 exd5 14. Ne5 Nxe5 15.
dxe5 Nc5 16. Bd4 Nd3 17. Ra1 c5 18. Bc3 d4 19. exd4 cxd4 20. Bxd4 Qxd4 21. Bxb7
Rab8 22. Bg2 Qxe5 23. Nc4 Qc5 24. Ne3 Bg6 25. Nd5 Kg7 26. b4 axb4 27. axb4 Nxb4
28. Rc1 Qd6 29. Nxe7 Qxe7 30. Re1 Qf6 31. Rf1 Nd3 32. Rc6 Qd4 33. Qe2 Rfc8 34.
Qa2 Rb2 35. Qa1 Nxf2 0-1

[Event "III. Budapest Open"]
[Site "Budapest, Hungary"]
[Date "2013.08.25"]
[Round "9.15"]
[White "Balla, Attila"]
[Black "Kovacsy, Barnabas"]
[Result "1/2-1/2"]
[WhiteElo "1813"]
[BlackElo "1508"]
[PlyCount "84"]
[EventDate "2013.??.??"]

1. e4 c5 2. Nf3 d6 3. d3 Nc6 4. g3 g6 5. Bg2 Bg7 6. O-O e5 7. Nbd2 Nge7 8. Nc4
O-O 9. c3 b5 10. Ne3 Bb7 11. Nh4 Nc8 12. Qe1 Nb6 13. f4 b4 14. f5 Ba6 15. c4
Nd4 16. Qf2 Bb7 17. Ng4 Bc8 18. Nh6+ Bxh6 19. Bxh6 Bd7 20. Bxf8 Qxf8 21. fxg6
fxg6 22. Qxf8+ Rxf8 23. Rxf8+ Kxf8 24. Rf1+ Kg7 25. Nf3 Nxf3+ 26. Bxf3 Be6 27.
b3 Nd7 28. Ra1 Kf6 29. a3 a5 30. axb4 axb4 31. Kg2 h5 32. h3 Kf7 33. Ra7 Kf6
34. g4 hxg4 35. Bxg4 Bxg4 36. hxg4 Ke6 37. g5 Ke7 38. Kf3 Ke6 39. Kg4 Ke7 40.
Ra8 Nf8 41. Rb8 Nd7 42. Rg8 Kf7 1/2-1/2

[Event "III. Budapest Open"]
[Site "Budapest, Hungary"]
[Date "2013.08.25"]
[Round "9.18"]
[White "Gyulai, David"]
[Black "Szurkos, Andras"]
[Result "0-1"]
[WhiteElo "1435"]
[BlackElo "1786"]
[PlyCount "116"]
[EventDate "2013.??.??"]

1. e4 e5 2. Nf3 Nc6 3. Bc4 Nf6 4. d3 Be7 5. O-O d6 6. c3 Na5 7. Bb5+ c6 8. Ba4
Bg4 9. b4 b5 10. Bxb5 cxb5 11. bxa5 Qxa5 12. Bb2 Nh5 13. h3 Be6 14. Nxe5 Nf4
15. Nc6 Qc7 16. Nxe7 Qxe7 17. Qf3 Ng6 18. Nd2 O-O 19. Nb3 Ne5 20. Qg3 f5 21. f4
Ng6 22. Nd4 Bd7 23. exf5 Nh4 24. Rae1 Qf6 25. Qf2 Bxf5 26. Re3 a6 27. c4 Qh6
28. Re7 Rf7 29. Rxf7 Kxf7 30. Nxf5 Nxf5 31. Qf3 Re8 32. cxb5 axb5 33. Qd5+ Qe6
34. Qxe6+ Rxe6 35. Kf2 d5 36. g4 Ne7 37. Rc1 Ra6 38. a3 g6 39. Rc5 Rb6 40. Bc3
Rc6 41. d4 Ke6 42. Bb4 Rxc5 43. Bxc5 Nc6 44. Kg3 Kf6 45. Kh4 Nd8 46. Kg3 Ne6
47. h4 h5 48. Bb6 Ng7 49. Bd8+ Kf7 50. Kf3 Ne6 51. Bb6 Kf6 52. Kg3 Ng7 53. Bd8+
Kf7 54. Kf3 hxg4+ 55. Kxg4 Nf5 56. Kg5 Nxd4 57. Bf6 Ne6+ 58. Kg4 Kxf6 0-1

[Event "III. Budapest Open"]
[Site "Budapest, Hungary"]
[Date "2013.08.25"]
[Round "9.19"]
[White "Abraham, Lajos"]
[Black "Karacsonyi, Kata"]
[Result "1-0"]
[WhiteElo "1821"]
[BlackElo "1288"]
[PlyCount "37"]
[EventDate "2013.??.??"]

1. Nf3 c5 2. c4 g6 3. Nc3 Bg7 4. e3 Nf6 5. d4 cxd4 6. exd4 d5 7. cxd5 Nxd5 8.
Bb5+ Nc6 9. Qa4 Qd7 10. Ne5 Bxe5 11. dxe5 Nxc3 12. bxc3 a6 13. O-O O-O 14. Bh6
Rd8 15. Rad1 Qc7 16. Bxc6 bxc6 17. Qxc6 Qa5 18. Rxd8+ Qxd8 19. Qxa8 1-0

[Event "III. Budapest Open"]
[Site "Budapest, Hungary"]
[Date "2013.08.25"]
[Round "9.20"]
[White "Gyimesi, Peter"]
[Black "Ronyai, Imre"]
[Result "1-0"]
[WhiteElo "1646"]
[BlackElo "1591"]
[PlyCount "75"]
[EventDate "2013.??.??"]

1. e4 c5 2. Nf3 e6 3. d4 cxd4 4. Nxd4 Nf6 5. Nc3 d6 6. Bg5 a6 7. Bd3 Nc6 8. Nb3
Bd7 9. Qd2 Be7 10. O-O-O h6 11. Be3 Ng4 12. Bf4 e5 13. Bg3 Bg5 14. f4 exf4 15.
Bxf4 Bxf4 16. Qxf4 Nge5 17. Rhf1 Be6 18. Kb1 a5 19. Bb5 O-O 20. Qd2 Bg4 21. Be2
Bxe2 22. Nxe2 Nc4 23. Qc3 N6e5 24. Ned4 Qb6 25. Nf5 Rad8 26. Qg3 Ng6 27. h4 h5
28. Qc3 Nge5 29. Ne7+ Kh7 30. Nd5 Qa7 31. Qg3 b5 32. Rf5 Ng4 33. Rxh5+ Nh6 34.
Qg5 f6 35. Rxh6+ gxh6 36. Nxf6+ Rxf6 37. Qxf6 Qc7 38. Rf1 1-0